Spotrebitelia a udržateľnosť v textilnom priemysle

Textilný priemysel patrí k najväčším znečisťovateľom životného prostredia. Odpoveďou sa stala udržateľná móda. Spotrebiteľské vnímanie udržateľnosti v textilnom priemysle so zameraním na udržateľnú módu.

Gespeichert in:
Bibliographische Detailangaben
1. Verfasser: Garasová, Petra, 1993-
Format: Buchkapitel
Sprache:Slowakisch
Schlagworte:
Tags: Tag hinzufügen
Keine Tags, Fügen Sie das erste Tag hinzu!

MARC

LEADER 00000naa$a2200000$$$4500
001 0271254
005 20240502074249.8
041 0 |a slo 
044 |a SK 
245 1 0 |a Spotrebitelia a udržateľnosť v textilnom priemysle  |c Petra Garasová 
520 |a Textilný priemysel patrí k najväčším znečisťovateľom životného prostredia. Odpoveďou sa stala udržateľná móda. Spotrebiteľské vnímanie udržateľnosti v textilnom priemysle so zameraním na udržateľnú módu. 
610 2 0 |a priemysel odevný 
610 2 0 |a spotrebitelia 
610 2 0 |a recyklácia odpadu 
610 2 0 |a prostredie životné 
100 1 |a Garasová, Petra, 1993-